<?xml version="1.0" encoding="UTF-8"?>
<record
    xmlns:xsi="http://www.w3.org/2001/XMLSchema-instance"
    xsi:schemaLocation="http://www.loc.gov/MARC21/slim http://www.loc.gov/standards/marcxml/schema/MARC21slim.xsd"
    xmlns="http://www.loc.gov/MARC21/slim">

  <leader>03702nam a2200529Ia 4500</leader>
  <controlfield tag="001">131</controlfield>
  <controlfield tag="008">241029s9999    xx            000 0 und d</controlfield>
  <datafield tag="010" ind1=" " ind2=" ">
    <subfield code="a">111</subfield>
  </datafield>
  <datafield tag="041" ind1=" " ind2=" ">
    <subfield code="a">Espa&#xF1;ol</subfield>
  </datafield>
  <datafield tag="082" ind1=" " ind2=" ">
    <subfield code="a">ISFODOSU TMLA 12-0006 BFEM EJ.1</subfield>
  </datafield>
  <datafield tag="245" ind1=" " ind2="0">
    <subfield code="a">Estudio comparativo de la producci&#xF3;n del debate oral en los estudiantes de nuevo ingreso de la Universidad Aut&#xF3;noma de Santo Domingo (UASD) y del Instituto Tecnol&#xF3;gico de Santo Domingo (INTEC) Semestre agosto-diciembre 2011</subfield>
  </datafield>
  <datafield tag="260" ind1=" " ind2=" ">
    <subfield code="a">Santo Domingo</subfield>
  </datafield>
  <datafield tag="300" ind1=" " ind2=" ">
    <subfield code="a">127</subfield>
  </datafield>
  <datafield tag="520" ind1=" " ind2=" ">
    <subfield code="a">18</subfield>
  </datafield>
  <datafield tag="630" ind1=" " ind2=" ">
    <subfield code="a">Estudiantes</subfield>
  </datafield>
  <datafield tag="630" ind1=" " ind2=" ">
    <subfield code="a">Producci&#xF3;n Oral</subfield>
  </datafield>
  <datafield tag="650" ind1=" " ind2=" ">
    <subfield code="a">Lengua Espa&#xF1;ola</subfield>
  </datafield>
  <datafield tag="690" ind1=" " ind2=" ">
    <subfield code="a">Elaborado</subfield>
  </datafield>
  <datafield tag="700" ind1=" " ind2=" ">
    <subfield code="e">asesor</subfield>
    <subfield code="a">Benavides, Celso</subfield>
  </datafield>
  <datafield tag="700" ind1=" " ind2=" ">
    <subfield code="e">autor</subfield>
    <subfield code="a">Paulino Amparo, Enma</subfield>
  </datafield>
  <datafield tag="901" ind1=" " ind2=" ">
    <subfield code="a">{"1":"Paulino Amparo"}</subfield>
    <subfield code="b">{"1":"Enma"}</subfield>
  </datafield>
  <datafield tag="902" ind1=" " ind2=" ">
    <subfield code="a">1</subfield>
  </datafield>
  <datafield tag="903" ind1=" " ind2=" ">
    <subfield code="a">{"1":"Benavides"}</subfield>
    <subfield code="b">{"1":"Celso"}</subfield>
  </datafield>
  <datafield tag="904" ind1=" " ind2=" ">
    <subfield code="a">Mag&#xED;ster en</subfield>
  </datafield>
  <datafield tag="905" ind1=" " ind2=" ">
    <subfield code="a">Ling&#xFC;&#xED;stica Aplicada</subfield>
  </datafield>
  <datafield tag="906" ind1=" " ind2=" ">
    <subfield code="a">2</subfield>
  </datafield>
  <datafield tag="907" ind1=" " ind2=" ">
    <subfield code="a">NO APLICA</subfield>
  </datafield>
  <datafield tag="908" ind1=" " ind2=" ">
    <subfield code="a">NO APLICA</subfield>
  </datafield>
  <datafield tag="909" ind1=" " ind2=" ">
    <subfield code="a">ISFODOSU, Recinto F&#xE9;lix Evaristo Mej&#xED;a</subfield>
  </datafield>
  <datafield tag="910" ind1=" " ind2=" ">
    <subfield code="a">NULL</subfield>
    <subfield code="b">NULL</subfield>
  </datafield>
  <datafield tag="911" ind1=" " ind2=" ">
    <subfield code="a">["1"]</subfield>
  </datafield>
  <datafield tag="912" ind1=" " ind2=" ">
    <subfield code="a">NO APLICA</subfield>
  </datafield>
  <datafield tag="913" ind1=" " ind2=" ">
    <subfield code="a">NULL</subfield>
  </datafield>
  <datafield tag="914" ind1=" " ind2=" ">
    <subfield code="a">01 de Junio de 2012</subfield>
  </datafield>
  <datafield tag="915" ind1=" " ind2=" ">
    <subfield code="a">30/06/15 11:06</subfield>
  </datafield>
  <datafield tag="916" ind1=" " ind2=" ">
    <subfield code="a">NULL</subfield>
  </datafield>
  <datafield tag="917" ind1=" " ind2=" ">
    <subfield code="a">NULL</subfield>
  </datafield>
  <datafield tag="918" ind1=" " ind2=" ">
    <subfield code="a">NO APLICA</subfield>
  </datafield>
  <datafield tag="919" ind1=" " ind2=" ">
    <subfield code="a">["96","167"]</subfield>
  </datafield>
  <datafield tag="520" ind1=" " ind2=" ">
    <subfield code="a">El estudio se plante&#xF3; como objetivo principal &#xA0;realizar un an&#xE1;lisis comparativo de la Producci&#xF3;n del Debate Oral en los estudiantes de nuevo ingreso de la Universidad Aut&#xF3;noma de Santo Domingo (UASD) y del Instituto Tecnol&#xF3;gico de Santo Domingo (INTEC) Semestre &#xA0;agosto-diciembre 2011.&#xA0;&#xA0; Para el alcance de los objetivos el estudio emple&#xF3; una metodolog&#xED;a&#xA0; de enfoque cualitativo, y se fundament&#xF3; en el m&#xE9;todo descriptivo,exploratorio.&#xA0; Se trabaj&#xF3; con una muestra de 42 estudiantes de cada universidad (14 de estudiantes de tres secciones de cada universidad) un total de 82 estudiantes.&#xA0;&#xA0;Como instrumento se emple&#xF3; una ficha de recolecci&#xF3;n de datos.Entre los principales resultados del estudio se destaca&#xA0; que los tres grupos de estudiantes de INTEC al igual que los tres grupos de estudiantes de la UASD no presentaron los integrantes del debate, por tanto el 100% no sabe c&#xF3;mo organizar un debate oral.&#xA0; En&#xA0; cuanto al uso de las estrategias en el debate oral solo el 66.3% de los estudiantes de INTEC hizo uso de un tipo de estrategia, mientras&#xA0; que el 33.7% no hizo uso de las mismas,&#xA0; igual n&#xFA;mero de estudiantes de la UASD.&#xA0; De los 42 Estudiantes de INTEC que participaron en el debate oral, el 50% logr&#xF3; utilizar argumentos fuertes y de autoridad, el 67.7% tuvo un dominio del tema.&#xA0;&#xA0; En la UASD, solo un 33.3% logr&#xF3; aplicar o tener dominio del tema y utiliz&#xF3; argumentos fuertes y de autoridad. El estudio concluy&#xF3; que los estudiantes de INTEC dominan en un 50% el debate oral, un 33.3%de forma parcial y un 17.3% no lograron tener dominio del debate oral.&#xA0; Los estudiantes de la UASD, la gran mayor&#xED;a no tuvo dominio ni conocimiento en la producci&#xF3;n del debate oral, solo un 33.3% logr&#xF3; alcanzar el dominio del debate.El estudio recomienda a la UASD, &#xA0;fortalecer la cultura del debate oral entre los estudiantes, porque a trav&#xE9;s de la pr&#xE1;ctica los estudiantes desarrollan habilidades de un saber debatir&#xA0; y argumentar en diferentes contextos y situaci&#xF3;n de comunicaci&#xF3;n.&#xA0; A INTEC&#xA0;se le recomienda que se incorpore en los programas de Espa&#xF1;ol I y Espa&#xF1;ol II la pr&#xE1;ctica del debate oral, que incluya actividades que permitan el desarrollo de la organizaci&#xF3;n y las normas en la pr&#xE1;ctica del debate oral.</subfield>
  </datafield>
  <datafield tag="921" ind1=" " ind2=" ">
    <subfield code="a">16</subfield>
  </datafield>
  <datafield tag="922" ind1=" " ind2=" ">
    <subfield code="a">16</subfield>
  </datafield>
  <datafield tag="923" ind1=" " ind2=" ">
    <subfield code="a">0</subfield>
  </datafield>
  <datafield tag="924" ind1=" " ind2=" ">
    <subfield code="a">NO APLICA</subfield>
  </datafield>
  <datafield tag="942" ind1=" " ind2=" ">
    <subfield code="c">Tesis</subfield>
  </datafield>
  <datafield tag="999" ind1=" " ind2=" ">
    <subfield code="c">111</subfield>
    <subfield code="d">111</subfield>
  </datafield>
</record>
